Statistics for Most likely cities to be targeted by a nuke - Warsaw Pact, 1959

Click here to take the quiz!

General Stats

  • This quiz has been taken 55 times
  • The average score is 29 of 100

Answer Stats

Priority orderTargeted city/airfield/...Number of targets in the city% Correct
1Moscow190 targets (201 in total with the surroundings)
100%
27Kiev (Kyiv)35 targets
91%
2Leningrad (Saint-Petersburg)139 targets (159 in total with the surroundings)
91%
62Warsaw39 targets (48 in total with the surroundings)
82%
18Minsk25 targets (27 in total with the surroundings)
73%
23Riga36 targets (39 in total with the surroundings)
73%
34Tallinn28 targets
73%
19Vladivostok49 targets (55 in total with the surroundings)
73%
61East Berlin68 targets (91 in total with the surroundings)
69%
51Vilnius12 targets (14 in total with the surroundings)
69%
58Prague69 targets (114 in total with the surroundings)
67%
22Kharkov (Kharkiv)36 targets (40 in total with the surroundings)
64%
21Lvov (Lviv)16 targets (18 in total with the surroundings)
64%
60Budapest126 targets (143 in total with the surroundings)
62%
85Stalingrad (Volgograd)34 targets (39 in total with the surroundings)
62%
38Odessa36 targets
60%
7Baku39 targets (49 in total with the surroundings)
58%
67Stalino (Donetsk)20 targets (46 in total with the surroundings)
58%
26Gorky (Nizhny Novgorod)46 targets (50 in total with the surroundings)
56%
31Kaliningrad25 targets (29 in total with the surroundings)
56%
16Kazan27 targets
56%
6Novossibirsk41 targets
56%
40Omsk25 targets
53%
43Rostov22 targets (31 in total,
mentioned a 2nd time with 2 targets
[priority order 720])
53%
42Sverdlovsk (Yekaterinburg)43 targets (45 in total with the surroundings)
53%
32Sevastopol22 targets (24 in total with the surroundings)
51%
15Tbilissi33 targets (45 in total with the surroundings)
51%
14Tashkent30 targets
49%
75Chelyabinsk30 targets (33 in total with the surroundings)
47%
89Dnipropetrovsk (Dnipro)34 targets (36 in total with the surroundings)
47%
8Kuybyshev (Samara)39 targets (41 in total with the surroundings)
47%
13Peiping (Beijing)17 targets (22 in total with the surroundings)
47%
9Ufa27 targets (29 in total with the surroundings)
47%
64Krasnodar13 targets
42%
36Molotov (Perm)25 targets
42%
77Pyongyang10 targets (12 in total with the surroundings)
40%
28Shanghai82 targets
40%
100Poznań20 targets
38%
3Smolensk10 targets
38%
55Irkutsk21 targets
36%
90Canton (Guangzhou)42 targets (56 in total with the surroundings)
33%
24Grozny11 targets
33%
17Saratov31 targets (35 in total with the surroundings)
33%
20Voronezh23 targets
33%
99Wrocław46 targets (57 in total with the surroundings)
33%
78Tomsk10 targets
31%
83Krasnoyarsk20 targets
27%
96Nanking (Nanjing)21 targets (27 in total with the surroundings)
27%
39Zaporozhie (Zaporizhia)35 targets
24%
84Hangzhou13 targets (16 in total with the surroundings)
20%
86Tientsin (Tianjin)22 targets
20%
70Yaroslavl23 targets (26 in total with the surroundings)
20%
48Chita17 targets
16%
72Dalian34 targets (36 in total with the surroundings)
16%
74Constanța18 targets (20 in total with the surroundings)
13%
35Khabarovsk37 targets
13%
44Mukden (Shenyang)44 targets
13%
49Tsingtao (Qingdao)20 targets
13%
54Batumi16 targets
11%
82Yuzhno-Sakhalinsk8 targets
11%
88Cottbus4 targets (13 in total with the surroundings)
9%
45Norilsk12 targets
9%
92Sukhumi9 targets (11 in total with the surroundings)
9%
76Antung (Dandong)10 targets
(13 in total with 3 targets on the town of
Sinuiju across the North Korean border)
7%
57Brandenburg14 targets (28 in total with the surroundings)
7%
97Not in the documentNot in the document
7%
81Orsk19 targets
7%
52Petrozavodsk12 targets
7%
4Vinnytsia7 targets
7%
37Belomorsk10 targets
4%
63Bucarest46 targets (48 in total with the surroundings)
4%
91Chapayevsk10 targets
4%
87Fushun25 targets
4%
66Gorlovka (Horlivka)11 targets (22 in total with the surroundings)
4%
68Kirovakan (Vanadzor in Armenia)7 targets (11 in total with the surroundings)
4%
53Komsomolsk-on-Amur30 targets
4%
79Krasnovodsk (Türkmenbașy)10 targets
4%
59Ploiești29 targets (47 in total with the surroundings)
4%
71Serov (formerly Nadezhdinsk)8 targets (21 in total with the surroundings)
4%
29Shcherbakov (Rybinsk)16 targets
4%
5Spassk-Dalny8 targets
4%
50Ussolye-Sibirskoye7 targets (11 in total with the surroundings)
4%
46Aleksin8 targets
2%
69Berezniki (Kydzakar)15 targets
2%
30Chirchik16 targets
2%
80Chkalovsk14 targets
(named "Chkalov" in the document)
2%
33Dniprodzerzhynsk (Kamianske)15 targets (17 in total with the surroundings)
2%
12Dzerzhinsk (in Russia)22 targets
2%
98Fergana2 targets (8 in total with the surroundings)
2%
94Glazov3 targets
2%
47Hankou19 targets (24 in total with the surroundings)
2%
11Istra (in Russia)2 targets and 3 targets in the area numbered M-...
2%
95Kapustin Yar (Znamensk)2 targets
2%
56Kirovgrad4 targets (6 in total with the surroundings)
2%
41Kyshtym (Oziorsk)4 targets (9 in total with the surroundings)
2%
10Noginsk4 targets (8 targets in total,
with a special mention for Elektrostal)
2%
93Ostashkov3 targets
2%
73Syzran (railway knot)14 targets (21 in total with the surroundings)
2%
65Tuapse9 targets
2%
25Voroshilov (Ussuriysk)19 targets (23 in total with the surroundings)
2%

Score Distribution

Percentile by Number Answered

Percent of People with Each Score

Your Score History

You have not taken this quiz